000 00601nam a22001577a 4500
005 20250807095833.0
008 250807b |||||||| |||| 00| 0 eng d
050 _bC.1
100 _aMakori, Amos Onyansi
245 _aEffects of Isolation on Reproductive Success of Subordinate Naked Mole Rat (Heterocephalus glaber)
260 _aKisii
_bKisii University
_c2020
300 _axvii, 95p.:ill.
500 _aIncludes bibliographical references.
650 _a1. Naked mole rat—Reproduction. 2. Rodents—Behavior. 3. Reproductive suppression. 4. Social isolation in animals.
942 _2lcc
_cREF
999 _c215992
_d215992